000 00471nam a22001812 4500
001 0000002892
005 20151217151907.0
008 070420s xx 000 0 eng d
040 _aKABU
_cKABU
050 0 _aPS3569
_b.A55F73
100 1 _aSalinger, J. D.
_@0000152399
245 1 0 _aFranny and zooey.
260 _aNew York :
_bLittle, Brown,
_c1961.
300 _a202 p.
908 _a070420
950 _@1
999 _c6087
_d6087